| 000 | 01148cam a2200349 a 4500 | ||
|---|---|---|---|
| 001 | 22972 | ||
| 003 | SK-KTurca | ||
| 005 | 20260513092724.0 | ||
| 008 | 240226s1995 xo a grf 001 0 slo | ||
| 015 | _aSNBA1995/03 | ||
| 020 |
_a8071181447 _q(viazané) |
||
| 035 | _aSNK000020880 | ||
| 040 |
_aSNK _bslo _cSNK _eAACR2 |
||
| 041 | 1 |
_aslo _hger |
|
| 044 |
_axo _cSK |
||
| 072 | 7 |
_a618 _xGynekológia. Pôrodníctvo _2konspekt |
|
| 080 |
_a618.2/.3 _22011 |
||
| 080 |
_a(035) _22011 |
||
| 100 | 1 |
_aNees-Delaval, Barbara _4aut |
|
| 240 | 1 | 0 |
_aIch bekomme ein Baby _lSlovensky |
| 245 | 1 | 0 |
_aČakám dieťa _bsprievodca tehotenstvom a pôrodom _cBarbara Nees-Delaval ; preložili Taťjana Augstenová, Zuzana Mojžišová |
| 260 |
_aBratislava _bIkar _c1995 _eBanská Bystrica _fTlačiarne BB |
||
| 300 |
_a135 s. _bilustrácie _c24 cm |
||
| 504 | _aObsahuje register | ||
| 650 | 0 | 7 |
_atehotenstvo _2SNKPH |
| 650 | 0 | 7 |
_aPregnancy _2SNKPHeng |
| 655 | 7 |
_apríručky _2SNKPH |
|
| 655 | 7 |
_aHandbooks, manuals, etc. _2SNKPHeng |
|
| 700 | 1 |
_aAugstenová, Taťjana _4trl |
|
| 700 | 1 |
_aMojžišová, Zuzana _c(prekladateľka) _4trl |
|
| 942 |
_2ddc _cOLDO _n0 |
||
| 999 |
_c22972 _d22972 |
||